000 00732nas a2200229 4500
001 BR7705214
003 BR-BrBNA
005 20231205083243.0
007 ta
008 230509b bl.|||p| |||| 00| 00por d
040 _aBR-BrBNA
_bpor
_cBiblioteca Nacional de Agricultura
041 _a(Pt)
072 _aF50; S10
110 1 _aFederacao da Agricultura do Estado do Para, Belem (Brasil)
245 1 _aEstudos preliminares sobre a castanha do Brasil
650 _aCASTANHA DO PARA
650 _aCOMPOSICAO DE ALIMENTO
650 _aVALOR NUTRITIVO
773 0 _tAgricultura. A Forca Verde (Brazil)
_xISSN 0100-5650
_g(Nov 1977), v. 1(5) p. 12-15
_wBR7705214
909 _a202311
_bLúcia
_c55
_dLúcia Elande
942 _2AGRIS
_n0
_cANA
999 _c97494
_d97494